000 00301nam a22001337a 4500
008 171020b xxu||||| |||| 00| 0 eng d
020 _a9780787987992
041 _aeng
080 _24 ED
_a338
100 _a54
101 _aMEN
245 _aREFRAMING ORGANIZATIONS
_cBOLMAN.L.G
942 _2udc
_cBK
999 _c35046
_d35046